Bài toán quĩ tích dễ hay khó

Đã lưu trong:
书目详细资料
主要作者: LÊ HẢI CHÂU
格式: 图书
语言:Undetermined
出版: ĐHQG Hà Nội 2001
标签: 添加标签
没有标签, 成为第一个标记此记录!
Thư viện lưu trữ: Trung tâm Học liệu Trường Đại học Cần Thơ
LEADER 00438nam a2200145Ia 4500
001 CTU_49976
008 210402s9999 xx 000 0 und d
082 |a 516.076 
082 |b Ch125 
100 |a LÊ HẢI CHÂU 
245 0 |a Bài toán quĩ tích dễ hay khó 
245 0 |c LÊ HẢI CHÂU, Nguyễn Xuân Quỳ 
260 |b ĐHQG Hà Nội 
260 |c 2001 
980 |a Trung tâm Học liệu Trường Đại học Cần Thơ